000 00787nam a22002657a 4500
005 20170124105925.0
010 _a36553
020 _c00
035 _a36553
037 _bCen Lib/Ret
040 _aDPL
_bEN
082 _a028.5
245 _aA critical history of children's literature /
_cby Cornelia Meigs...[et al.]
246 _b
260 _bThe Macmillan Company
_c1953
_aNew York
270 _bNew York
300 _axxiii, 624p.
_c22cm(Hb)
500 _aIncludes bibliographical references and index
650 _aChildren's Literature
_96066
650 _aHistory
_96067
650 _a बाल साहित्य
_94735
650 _a इतिहास
_96068
700 _aMeigs, Cornelia
_96069
942 _2ddc
_cEN
_h028.5
_mMEI
999 _c123435
_d123435